Statistics for LOTR: Rulers of Middle-Earth: Kings of Rohan

Click here to take the quiz!

General Stats

  • This quiz has been taken 13 times
  • The average score is 15 of 19

Answer Stats

Answer% Correct
Éomer 'Éadig'
100%
Théoden 'Ednew'
100%
Brego
89%
Eorl 'the Young'
89%
Fengel
89%
Fréa
89%
Fréalaf 'Hildeson'
89%
Fréawine
89%
Helm 'Hammerhand'
89%
Thengel
89%
Aldor 'the Old'
78%
Elfwine 'the Fair'
67%
Folca 'the Hunter'
67%
Folcwine
67%
Goldwine
67%
Gram
67%
Déor
56%
Walda
56%
Brytta 'Léofa'
44%

Score Distribution

Percentile by Number Answered

Percent of People with Each Score

Your Score History

You have not taken this quiz